00217nam a2200085Ia 4500008004100000020002200041082001800063100002000081245003000101220630s9999 xx 000 0 und d a978-1-77007-864-2 a641.8653 BILL aHILLARY, BILLER 0a101 RESEPTE BAK MET GEMAK